Landkreise und kreisfreie Städte Deutschlands mit "E" - Statistiken

Allgemein
  • Dieses Quiz wurde 743 mal gespielt
  • Das Durchschnittsergebnis liegt bei 14 aus 19
Antwortstatistiken
Bundesland Kreis % Korrekt
Nordrhein-Westfalen Essen
97%
Baden-Württemberg Esslingen
86%
Bayern Erlangen
85%
Bayern Erlangen-Höchstadt
85%
Thüringen Erfurt
81%
Niedersachsen Emden
78%
Niedersachsen Emsland
77%
Nordrhein-Westfalen Euskirchen
76%
Baden-Württemberg Emmendingen
75%
Bayern Eichstätt
73%
Bayern Ebersberg
71%
Brandenburg Elbe-Elster
70%
Bayern Erding
70%
Thüringen Eisenach
69%
Nordrhein-Westfalen Ennepe-Ruhr-Kreis
66%
Thüringen Eichsfeld
65%
Baden-Württemberg Enzkreis
63%
Sachsen Erzgebirgekreis
61%
Rheinland-Pfalz Eifelkreis Bitburg-Prüm
52%
Keine übereinstimmenden Quizze gefunden
Verteilung der Resultate
Anzahl Personen mit jedem Resultat
Perzentil nach korrekt beantworteten Fragen
Ihre Resultats-Entwicklung
Sie haben dieses Quiz noch nicht gespielt